Statistics for Terry Funk's career opponents

Click here to take the quiz!

General Stats

  • This quiz has been taken 101 times
    (72 since last reset)
  • The average score is 78 of 178

Answer Stats

Answer% Correct
Dean Ho
100%
David Flair
94%
Harley Race
94%
Hulk Hogan
94%
Mick Foley
94%
Ric Flair
94%
Andre the Giant
88%
Barry Windham
88%
Dory Funk Jr.
88%
Fritz Von Erich
88%
Ricky "The Dragon" Steamboat
88%
Sting
88%
Tommy Rich
88%
Bret "Hit Man" Hart
82%
Chavo Guerrero
82%
Dustin Rhodes
82%
Dusty Rhodes
82%
Eddie Guerrero
82%
Greg "The Hammer" Valentine
82%
Johnny Valentine
82%
Junkyard Dog
82%
Pedro Morales
82%
Raven
82%
Sabu
82%
Shane Douglas
82%
Tito Santana
82%
Tommy Dreamer
82%
Bam Bam Bigelow
76%
Blackjack Mulligan
76%
Eddie Graham
76%
Jack Brisco
76%
Jerry Brisco
76%
Kevin Nash
76%
Lex Luger
76%
Mike Graham
76%
"Mr. Wonderful" Paul Orndorff
76%
"Rowdy" Roddy Piper
76%
Scott Hall
76%
"Superfly" Jimmy Snuka
76%
Ted Dibiase
76%
Thunderbolt Patterson
76%
Billy Gunn
71%
Chris Benoit
71%
D-Von Dudley
71%
Rick Martel
71%
Rick Steiner
71%
Stan Stasiak
71%
Tully Blanchard
71%
Chris Candido
65%
"Cowboy" Bob Orton
65%
Dick Murdoch
65%
George "The Animal" Steele
65%
Jerry "The King" Lawler
65%
Rocky Johnson
65%
Stan Hansen
65%
Stevie Richards
65%
Abdullah the Butcher
59%
Blackjack Lanza
59%
Brian Pillman
59%
Antonio Inoki
53%
Bill Watts
53%
Bob Backlund
53%
Brickhouse Brown
53%
Butch Reed
53%
D'Lo Brown
53%
Greg Gagne
53%
Jimmy Valiant
53%
Johnny Valiant
53%
Nikolai Volkoff
53%
Terry Taylor
53%
Wahoo McDaniel
53%
Bob Armstrong
47%
Boris Malenko
47%
Brian Knobbs
47%
Carlos Colon
47%
Hawk
47%
Lance Storm
47%
Lord Alfred Hayes
47%
Norman Smiley
47%
Paul Jones
47%
Ron Bass
47%
Rufus R. Jones
47%
S.D. Jones
47%
Adrian Adonis
41%
Dan Spivey
41%
Ernie Ladd
41%
Fit Finlay
41%
Ivan Putski
41%
Jim Brunzell
41%
Jim Powers
41%
Justin Credible
41%
Kevin Sullivan
41%
Meng
41%
Mil Mascaras
41%
Nick Bockwinkel
41%
Paul Roma
41%
Peter Maivia
41%
Shohei "Giant" Baba
41%
Bruiser Brody
35%
Doug Gilbert
35%
Eddie Gilbert
35%
Jerry Blackwell
35%
Jesse "The Body" Ventura
35%
Lou Thesz
35%
Mike Rotunda
35%
Pat Tanaka
35%
Professor Toru Tanaka
35%
Riki Choshu
35%
The Sheik
35%
The Wall
35%
Tiger Jeet Singh
35%
Tommy Gilbert
35%
Tony Garea
35%
Vampiro
35%
Axl Rotten
29%
Bobo Brazil
29%
Dick Slater
29%
Eduardo Carpentier
29%
Ernest Miller
29%
Gene Kiniski
29%
Marc Mero
29%
Mr. Wrestling
29%
Mr. Wrestling II
29%
Ox Baker
29%
Tracy Smothers
29%
Virgil
29%
Johnny the Bull
24%
Steve Corino
24%
Swede Hanson
24%
Angelo Poffo
18%
Bobby Duncum
18%
Brian Lee
18%
Hugh Morrus
18%
Lanny Poffo
18%
Manny Fernandez
18%
Miguel Perez Jr.
18%
Pat O'Connor
18%
Rusher Kimura
18%
Scott Casey
18%
Steve Keirn
18%
The Spoiler
18%
Chuck Palumbo
12%
Crowbar
12%
Dick the Bruiser
12%
Dominic DeNucci
12%
George Wells
12%
J.J. Dillon
12%
Rene Goulet
12%
Rick McGraw
12%
Atsushi Onita
6%
CM Punk
6%
Eric Bischoff
6%
Jose Lothario
6%
"Killer" Karl Kox
6%
Moondog Spot
6%
Otto Wanz
6%
Ranger Ross
6%
Ron Fuller
6%
The Assassin
6%
The Mongolian Stomper
6%
Big Vito
0%
Billy Robinson
0%
Bob Geigel
0%
Hack Myers
0%
Homicide
0%
Jose Luis Rivera
0%
Jos LeDuc
0%
Kim Duk
0%
Leatherface
0%
Leon Spinks
0%
Les Thornton
0%
Rambo
0%
Red Bastien
0%
Salvatore Bellomo
0%
Sputnik Monroe
0%
The Demon
0%
The Destroyer
0%
Tiger Toguchi
0%

Score Distribution

Percentile by Number Answered

Percent of People with Each Score

Your Score History

You have not taken this quiz since the last reset